| 000 | 00502nam a2200181 a 4500 | ||
|---|---|---|---|
| 005 | 20140310183158.0 | ||
| 008 | 021016s19uu xx 00 eng d | ||
| 050 |
_aQA 76 _b.C358 2001 |
||
| 100 | _aCapron, H. L. | ||
| 245 |
_aComputers : _btools for an information age / _cH. L. Capron. |
||
| 250 | _a5th | ||
| 260 |
_aMenlo Park, CA : _bBenajmin/Cummings Pub. Co., _c2001. |
||
| 300 |
_a429 p. : _bill. ; _c27 cm. |
||
| 521 | _aIT | ||
| 650 | _aComputers | ||
| 942 |
_cBK _2lcc _kFOR |
||
| 999 |
_c19817 _d19817 |
||